Estudios básicos de psicología social

Estudios básicos de psicología social, vuelve a publicarse dado que la gran mayoría de los materiales que en él se incluyen siguen siendo todavía hoy un punto de partida necesario para el estudio de los desarrollos más recientes de la disciplina.

Bibliographic Details
Other Authors: Torregosa, José R. (selección), Crespo, Eduardo (selección)
Format: Libro
Language:Spanish
Published: Barcelona : Hora, 1982.
Series:Colección psicología social y sociología
Subjects:
Online Access:

MARC

LEADER 00000cam a2200000 a 4500
001 003645
003 UAHC_CL
005 20241114190929.0
008 170605s1982 sp 000 spa
020 |a 8485950291 
040 |a UAHC_CL  |c UAHC_CL  |d UAHC_CL 
082 0 4 |a 302  |b E82  |2 20 
245 1 0 |a Estudios básicos de psicología social  |c José R. Torregosa, Eduardo Crespo, introducción y selección. 
260 |a Barcelona :  |b Hora,  |c 1982. 
300 |a 727 p. 
440 |a Colección psicología social y sociología  |9 20706 
520 |a Estudios básicos de psicología social, vuelve a publicarse dado que la gran mayoría de los materiales que en él se incluyen siguen siendo todavía hoy un punto de partida necesario para el estudio de los desarrollos más recientes de la disciplina. 
650 0 |a Psicología social  |9 99 
650 0 |a Psicología social  |x Investigaciones  |9 5545 
700 1 |a Torregosa, José R.  |e selección 
700 1 |a Crespo, Eduardo  |e selección 
942 |c BK  |2 ddc 
952 |0 0  |1 0  |2 ddc  |4 0  |6 302_000000000000000_ESBA  |7 0  |8 COMP  |9 8132  |a BC  |b BC  |c General  |d 2017-08-03  |l 0  |o 302 ESBA  |p 1440478  |r 2026-01-07 00:00:00  |t 1  |w 2017-08-03  |y BK 
999 |c 3645  |d 3645